Reis e rainhas de Portugal (Registo nº 2720)

Detalhes MARC
000 -Etiqueta do registo
Cabeçalho 00878nam a22003011 4500
005 - Identificador da versão
Campo de controlo 20240813121943.0
010 ## - Número internacional normalizado dos livros (ISBN)
Número (ISBN) 9727666639
ISBN errado 978 -972 -766 -663- 8
021 ## - Número do Depósito Legal
Código do país PT
Número 202582/03
100 ## - Dados gerais de processamento
Dados gerais de processamento 20040525d2004 da y0pory5003 ba
102 ## - Pais de publicação ou produção
País de publicação Portugal
101 0# - Língua de publicação
Língua do texto, banda sonora, etc. Português
106 ## - Campo de dados codificados: material textual
Dados codificados do material textual r
105 ## - Campo de dados codificados: livros
Dados codificados dos livros a z 001yy
215 ## - Descrição física 
Indicação específica da natureza do documento e extensão da espécie 155, [4] p.
Outras indicações físicas il.
Dimensões 25 cm
200 1# - Titulo e menção de responsabilidade
Título próprio Reis e rainhas de Portugal
Informação de outro título 35 histórias
Primeira menção de responsabilidade Maria de Lurdes Marcelo
Outras menções de responsabilidade il. António Salvador
205 ## - Menção da edição
Menção da edição 1ª ed
210 ## - Publicação, Distribuição, etc. 
Lugar da edição, distribuição, etc. Sintra
Nome do editor, distribuidor, etc. Impala
Data da publicação, distribuição, etc. 2004
606 ## - Nome comum usado como assunto
Número de registo de entrada de autoridade 0001632
Palavra de ordem História
Subdivisão geográfica Portugal
Subdivisão de assunto Reis
-- Rainhas
Número de registo de entrada de autoridade 0000564
Palavra de ordem Biografias
675 ## - Classificação Decimal Universal (CDU)
Notação 946.9
Edição
Língua da edição por
Notação 92
Edição
Língua da edição por
702 #1 - Nome de autor-pessoa física (responsabilidade secundária)
Número de registo de entrada de autoridade 0000384
Palavra de ordem Salvador
Outra parte do nome não tomada para palavra de ordem António
Código de função Ilustrador / Técnico de desenho computorizado
700 #1 - Nome de autor-pessoa física (responsabilidade principal)
Número de registo de entrada de autoridade 0001633
Palavra de ordem Marcelo
Outra parte do nome não tomada para palavra de ordem Maria de Lurdes
942 ## - Elementos de entrada adicionados (Koha)
Tipo de item no Koha Livro
Exemplares
Situação do levantamento Origin of item (home branch) (coded) Biblioteca de empréstimo Código de barras Cota Circulation type (not for loan) Tipo de documento Nota do exemplar Damaged status
  Biblioteca Escolar da Coca Maravilhas Biblioteca Escolar da Coca Maravilhas BECM6609/04 9PT MAR   Livro Sem mensagem  
  Biblioteca Escolar da Coca Maravilhas Biblioteca Escolar da Coca Maravilhas BECM8199 9PT MAR   Livro Sem mensagem